NFL Week 17 Fantasy Leaders 2025-2026 - Statistics

General Stats
  • This quiz has been taken 49 times
  • The average score is 10 of 20
Answer Stats
Position Points Player % Correct
RB 45.6 Derrick Henry
86%
RB 39.9 Bijan Robinson
76%
QB 23.2 Josh Allen
76%
QB 23 Caleb Williams
73%
QB 32.4 Drake Maye
73%
RB 29.1 Chase Brown
68%
RB 28.1 Christian McCaffrey
68%
QB 37.9 Brock Purdy
62%
WR 25 Ja'Marr Chase
62%
QB 24.1 Trevor Lawrence
62%
TE 23.6 Trey McBride
51%
QB 22.7 Dak Prescott
41%
WR 25.9 Chris Olave
38%
QB 31.5 Malik Willis
35%
QB 25.1 Jaxson Dart
30%
WR 27.8 Luther Burden
24%
RB 27.2 Rhamondre Stevenson
24%
RB 26.2 Zach Charbonnet
24%
WR 23.8 Chris Godwin
14%
RB 22.5 Jacory Croskey-Merritt
14%
No matching quizzes found
Score Distribution
Percent of People with Each Score
Percentile by Number Answered
Your Score History
You have not taken this quiz